00346nam a22000977a 450000500170000010000700001724500810008726000290016830000090019770000420020620260629113511.0 aAhsan Ali Naich a21-MSIT-01aSupervisor - Dr. Saima Siraj Soomro aComparative Analysis of Mobile Ad HOC Network Routing Protocols ( Thesis MS) aNawabshahbQUESTc2024p. a76p. aDepartment of Information Technology